|
|
|
|
| LEADER |
00853nam a22002532i 4500 |
| 001 |
001573139 |
| 003 |
CZ BrMZK |
| 005 |
20170519133337.0 |
| 007 |
ta |
| 008 |
170424s1974 gw er|||||||||||ger d |
| 040 |
|
|
|a BOA001
|b cze
|e rda
|
| 100 |
1 |
|
|a Ritter, Helmut
|4 dis
|
| 245 |
1 |
0 |
|a Synthetische Polymere als potentielle Antitumorchemotherapeutika /
|c von Helmut Ritter
|
| 264 |
|
1 |
|a Mainz :
|b Helmut Ritter,
|c 1974
|
| 300 |
|
|
|a 2 strany
|
| 336 |
|
|
|a text
|b txt
|2 rdacontent
|
| 337 |
|
|
|a bez média
|b n
|2 rdamedia
|
| 338 |
|
|
|a svazek
|b nc
|2 rdacarrier
|
| 500 |
|
|
|a Zkrácená disertace--Johannes Gutenberg-Universität, 1974
|
| 710 |
2 |
|
|a Johannes Gutenberg-Universität
|7 ko2003164334
|4 isb
|
| 910 |
|
|
|a BOA001
|b X-0747.009
|
| 990 |
|
|
|a BK
|
| 991 |
|
|
|b 201704
|
| 996 |
7 |
|
|b 2619193022
|c X-0747.009
|l MZK
|r Sklad / do 24 hodin
|n 0
|w 001608623
|u 000010
|a 1
|e BOA001
|j MZK50
|s A
|